| 000 | 00596nam a2200229Ia 4500 | ||
|---|---|---|---|
| 003 | OSt | ||
| 005 | 20220918231256.0 | ||
| 006 | a|||||r|||| 00| 0 | ||
| 007 | ta | ||
| 008 | 220917b |||||||| |||| 00| 0 eng d | ||
| 024 | _a275,177 | ||
| 037 | _cTextual | ||
| 040 |
_aARTS _cARTS _beng |
||
| 041 |
_2eng _aeng |
||
| 082 | _ak1,N32, H7 | ||
| 100 |
_aYust Walter Ed. _9154110 |
||
| 245 | 0 | _a1947 Britannica book of the year | |
| 260 | _c1947 | ||
| 650 |
_aENCYCLOPEDIAS AND DICTIONARIES _977 |
||
| 942 |
_hk1,N32, H7 _cTEXL _2CC |
||
| 999 |
_c290390 _d290390 |
||